54 Babynamen der Woche 36/25' - Statistiken

Allgemein
  • Dieses Quiz wurde 7 mal gespielt
  • Das Durchschnittsergebnis liegt bei 25 aus 54
Antwortstatistiken
📍 Vorname % Korrekt
A.a ♀️ Ava
100%
D.n..l ♂️ Daniel
100%
D.v.d ♂️ David
100%
F.l.x ♂️ Felix
100%
Am.d..s ♂️ Amadeus
83%
Em.l.a ♀️ Emilia
83%
H.l..e ♀️ Helene
83%
J.n.h ♂️ Jonah
83%
J.n.s ♂️ Jonas
83%
L.t.a ♀️ Lotta
83%
Ad..a.o ♂️ Adriano
67%
Al..a.d.r ♂️ Alexander
67%
H.d.a ♀️ Hedda
67%
H.n.y ♂️ Henry
67%
J.h.n..s ♂️ Johannes
67%
L.a.d.r ♂️ Leander
67%
M.r.a ♀️ Maria
67%
Ol.v.r ♂️ Oliver
67%
Ol.v.a ♀️ Olivia
67%
Q.e.t.n ♂️ Quentin
67%
S.p..e ♀️ Sophie
67%
Al..a.d.a ♀️ Alexandra
50%
C.n..r ♂️ Connor
50%
G.o.g.o ♂️ Giorgio
50%
He.r.e..e ♀️ Henriette
50%
Ir.s ♀️ Irys
50%
J.n..s ♂️ Jannis
50%
M.n.a ♀️ Minna
50%
N.d.a ♀️ Nadia | Nadja
50%
O.k.r ♂️ Oskar
50%
V.l.r.a.a ♀️ Valeriana
50%
Y.v.e ♀️ Ylvie
50%
E.n.t ♂️ Ernst
33%
K.t.e ♀️ Käthe
33%
L.o.t..a ♀️ Leontina
33%
Ma.l ♀️ Mael
33%
M.l.u ♀️ Milou
33%
N.k.l..s ♂️ Nikolaus
33%
No.l ♂️ Noel
33%
B.n.d..a ♀️ Benedita
17%
El.i.e ♀️ Elaine
17%
J.r.o ♂️ Jarno
17%
L.m.n ♀️ Lumen
17%
M.y.a ♀️ Mayla
17%
Ro.a ♀️ Rosa
17%
T.a.a ♀️ Tiara
17%
Ka.n ♂️ Kaon
0%
Le.a ♀️ Leya
0%
Na.e.i ♀️ Nayeli
0%
Ni.a ♀️ Nika
0%
S.n..a ♀️ Senada
0%
So.r..a ♀️ Soureya
0%
W.n.a ♀️ Wanja
0%
Z.m..e ♀️ Zimife
0%
Keine übereinstimmenden Quizze gefunden
Verteilung der Resultate
Anzahl Personen mit jedem Resultat
Perzentil nach korrekt beantworteten Fragen
Ihre Resultats-Entwicklung
Sie haben dieses Quiz noch nicht gespielt